| LEADER |
01100nam0a2200217 450 |
| 001 |
16847590 |
| 010 |
|
|
|a 978-2-07-510333-6
|b Br.
|d 6,9
|
| 100 |
|
|
|a 20181230d2018 u u0frey01 ba
|
| 101 |
0 |
|
|a fre
|
| 102 |
|
|
|a FR
|
| 200 |
0 |
|
|a Oukélé la télé
|f Susie Morgenstern
|
| 207 |
|
1 |
|a
|
| 210 |
|
|
|a [Paris]
|c Gallimard jeunesse
|d 2018
|
| 215 |
|
|
|a 1 vol. (52 p.)
|c ill. en coul.
|d 13x19 cm
|
| 225 |
1 |
|
|a Folio cadet
|x 0293-891X
|
| 300 |
|
|
|a Premières lectures
|
| 330 |
|
|
|a Pour les parents de Stéphane, la télévision est une vraie boîte à idioties qui rend le téléspectateur imbécile, nouille, sot, bête et même plus. Ils n'en veulent pas ! Stéphane, qui n'est pas du tout du même avis, décide de réagir. De ruse en stratagème, un duel farouche s'engage. Qui va gagner ? Une partie de cache-cache alerte et cocasse pour tous ceux qui aiment un peu, beaucoup, trop... regarder la télévision.
|
| 700 |
|
0 |
|a Morgenstern
|b Susie
|f 1945-....
|4 70
|
| 900 |
|
|
|a Roman (enfants)
|
| 901 |
|
|
|a Jeunesse
|
| 995 |
|
|
|a Médiathèque
|c Médiathèque
|f 089016613
|h 089016613
|k E MOR
|o p
|q j
|r az
|e Médiathèque
|